Statistics for DreamWorks Animation Characters by Picture

Click here to take the quiz!

General Stats

  • This quiz has been taken 483 times
    (474 since last reset)
  • The average score is 12 of 20

Answer Stats

Answer% Correct
Shrek
100%
Po
90%
Donkey
87%
Megamind
87%
Turbo
87%
Puss in Boots
84%
Toothless
81%
Boss Baby
75%
King Julien
75%
Master Shifu
65%
Mr Peabody
61%
Hiccup Haddock
57%
Marty
57%
Skipper
54%
Poppy
42%
Oh
35%
Eep
33%
Grug
32%
RJ
22%
Ginger
15%

Score Distribution

Percentile by Number Answered

Percent of People with Each Score

Your Score History

You have not taken this quiz since the last reset